V čom spočíva význam členstva v OECD pre Slovenskú republiku

Potenciálny prínos členstva Slovenska v OECD v oblasti integrácie, zahraničných investícií, kontinuity hospodárskej politiky a ako zdroja skúseností. Príčiny neprijatia SR do OECD.

Na minha lista:
Detalhes bibliográficos
Autor principal: Oravec, Ján
Formato: Capítulo de Livro
Idioma:eslovaco
Assuntos:
Tags: Adicionar Tag
Sem tags, seja o primeiro a adicionar uma tag!

MARC

LEADER 00000naa a2200000 4500
001 r038484
005 20230824105121.7
041 0 |a slo 
044 |a SK 
245 1 0 |a V čom spočíva význam členstva v OECD pre Slovenskú republiku  |c Ján Oravec 
520 |a Potenciálny prínos členstva Slovenska v OECD v oblasti integrácie, zahraničných investícií, kontinuity hospodárskej politiky a ako zdroja skúseností. Príčiny neprijatia SR do OECD. 
610 2 0 |a integrácia ekonomická medzinárodná 
610 2 0 |a spolupráca hospodárska medzinárodná 
610 2 0 |a investície zahraničné 
610 2 0 |a politika hospodárska 
610 2 0 |a Slovensko 
610 2 0 |a OECD 
100 1 |a Oravec, Ján